Countries by EU Country Code - Statistics

General Stats
  • This quiz has been taken 592 times
  • The average score is 37 of 56
Answer Stats
Hint Answer % Correct
BE Belgium
98%
CZ Czech Republic
97%
DK Denmark
97%
FR France
92%
IT Italy
92%
LV Latvia
90%
LT Lithuania
90%
UK United Kingdom
90%
FI Finland
88%
HU Hungary
88%
RO Romania
88%
BG Bulgaria
85%
DE Germany
85%
NL Netherlands
85%
IE Ireland
84%
NO Norway
84%
PL Poland
84%
CY Cyprus
83%
ES Spain
82%
EE Estonia
81%
SK Slovakia
81%
AL Albania
80%
LU Luxembourg
80%
PT Portugal
75%
SI Slovenia
73%
IS Iceland
72%
JP Japan
71%
SE Sweden
69%
US United States
69%
AZ Azerbaijan
68%
MT Malta
67%
AT Austria
62%
JO Jordan
58%
LI Liechtenstein
58%
SY Syria
58%
HR Croatia
57%
AM Armenia
56%
GE Georgia
56%
LY Libya
55%
MK Macedonia
55%
LB Lebanon
54%
TR Turkey
53%
CH Switzerland
51%
ME Montenegro
48%
TN Tunisia
47%
UA Ukraine
46%
EG Egypt
45%
MD Moldova
44%
IL Israel
41%
BA Bosnia and Herzagovina
37%
BY Belarus
36%
RS Serbia
30%
EL Greece
28%
MA Morocco
28%
PS Palestine
17%
DZ Algeria
14%
No matching quizzes found
Score Distribution
Percent of People with Each Score
Percentile by Number Answered
Your Score History
You have not taken this quiz